• 首页
  • 本馆介绍
  • 公告通知
  • 最新文献
  • 馆藏检索
  • 电子资源
  • 读者导购
  • 参考咨询
  • 我的图书馆
  • 登录
  • 详细信息显示
  • 放入我的书架
  • 预约/预借图书
  • 作者相关作品
  • 分类相关作品
  • 丛书相关作品
  • 出版社相关作品

书目信息

  • 表格格式
  • 工作单格式
  • 卡片格式
题名:
大学教学法
    
 
作者: 科兹马 , Robert , 贝尔 , Ber , 威廉斯 , Wilhelms 著 ;蔡振生 译
分册:  
出版信息: 北京   高等教育出版社  1987
页数: 307页
开本: 20cm
丛书名:
单 册:
中图分类: G642.41
科图分类:
主题词: 高等教育-教学法 , 教学法-高等教育
电子资源:
ISBN:
000 00851nam0 2200301 450
001 1557596421
005 20150126191749.10
010    @dCNY2.30
091    @a7010.0669
100    @a19900808d1987 em y0chiy0110 ea
101 0  @achi@ceng
102    @aCN@b110000
105    @ay z 000yy
200 1  @a大学教学法@9da xue jiao xue fa@f(美)科兹马(Robert,R.B.)等著@g蔡振生译
210    @a北京@c高等教育出版社@d1987
215    @a307页@d20cm
606 0  @a高等教育-教学法
606 0  @a教学法-高等教育
690    @aG642.41@v5
701  1 @a科兹马@9ke zi ma@bR.B.@4著
701  1 @aRobert@bR.B.@4著
701  1 @a贝尔@9bei er@bL.M.@4著
701  1 @aBer@bL.M.@4著
701  1 @a威廉斯@9wei lian si@bG.W.@4著
701  1 @aWilhelms@bG.W.@4著
702  0 @a蔡振生@9cai zhen sheng@4译
801  0 @aCN@bTSSF@c20150126
905    @aZUCC@dG642.41@eJY2
    
    大学教学法/(美)科兹马(Robert,R.B.)等著/蔡振生译.-北京:高等教育出版社,1987
    307页;20cm
    
    
    ISBN :CNY2.30
    
●
相关链接 在E读中查询图书 在五车中查询图书 在当当中查询图书 在豆瓣中查询图书


正题名:大学教学法     索取号:G642.41/JY2         预约/预借

序号 登录号 条形码 馆藏地/架位号 状态 备注
1 7845220   278452201   学院路分馆/ [索取号:G642.41/JY2] 在馆    
2 7861137   278611370   学院路分馆/ [索取号:G642.41/JY2] 在馆    
唐山师范学院图书馆 欢迎您!
大连网信软件有限公司© 版权所有